Richard Wagners gesammelte dichtungen (Record no. 10719)
[ view plain ]
| 000 -CABECERA | |
|---|---|
| campo de control de longitud fija | 00600nam a2200205 a 4500 |
| 001 - NÚMERO DE CONTROL | |
| campo de control | BRL_1911 |
| 005 - FECHA Y HORA DE LA ÚLTIMA TRANSACCIÓN | |
| campo de control | 20190320211430.0 |
| 008 - DATOS DE LONGITUD FIJA--INFORMACIÓN GENERAL | |
| campo de control de longitud fija | 170815s19uu----gw-c######---#000-0#ger-# |
| 041 ## - CÓDIGO DE LENGUA | |
| Código de lengua del texto/banda sonora o título independiente | ger |
| 044 ## - CÓDIGO DEL PAÍS DE LA ENTIDAD EDITORA/PRODUCTORA | |
| Código MARC del país | gw |
| 050 #4 - SIGNATURA TOPOGRÁFICA DE LA BIBLIOTECA DEL CONGRESO | |
| Número de clasificación | ML410.W1 |
| Número de documento/Ítem | .R37 1900 |
| 100 1# - ENTRADA PRINCIPAL--NOMBRE DE PERSONA | |
| Nombre de persona | Rapp, Julius |
| 9 (RLIN) | 28214 |
| 245 10 - MENCIÓN DE TÍTULO | |
| Título | Richard Wagners gesammelte dichtungen |
| Mención de responsabilidad, etc. | Herausgegeben von Julius Kapp. Drei teile in einem Bande |
| 260 ## - PUBLICACIÓN, DISTRIBUCIÓN, ETC. | |
| Lugar de publicación, distribución, etc. | Leipzing |
| Nombre del editor, distribuidor, etc. | Hesse & Beder Berlag |
| Fecha de publicación, distribución, etc. | [19--] |
| 300 ## - DESCRIPCIÓN FÍSICA | |
| Extensión | 231 p. |
| Otras características físicas | il. |
| Dimensiones | 17 cm. |
| 500 ## - NOTA GENERAL | |
| Nota general | Au1968 |
| 600 14 - PUNTO DE ACCESO ADICIONAL DE MATERIA--NOMBRE DE PERSONA | |
| Nombre de persona | Wagner, Richard |
| Fechas asociadas al nombre | 1813-1883 |
| Subdivisión de forma | Biografía |
| 9 (RLIN) | 24849 |
| 902 ## - CATALOGADOR | |
| Iniciales | GRL |
| 942 ## - ELEMENTOS DE PUNTO DE ACCESO ADICIONAL (KOHA) | |
| Fuente del sistema de clasificación o colocación | Library of Congress Classification |
| Tipo de ítem Koha | Libros |
| Estado de retiro | Estado de pérdida | Estado dañado | No para préstamo | Localización permanente | Ubicación/localización actual | Fecha de adquisición | Número de inventario | Total de préstamos | Signatura topográfica completa | Código de barras | Fecha visto por última vez | Precio válido a partir de | Tipo de ítem Koha |
|---|---|---|---|---|---|---|---|---|---|---|---|---|---|
| El ejemplar forma parte de la colección y puede ser consultado según las políticas vigentes. | Biblioteca Centro de Estudios Ruth D. Lechuga | Biblioteca Centro de Estudios Ruth D. Lechuga | 17/08/2015 | Au1968 | ML410.W1 .R37 1900 (Au1968) | GRL02116 | 22/03/2019 | 22/03/2019 | Libros |